000 00755nam a22002417a 4500
001 32555
003 AR-RoBPED
005 20260413085748.0
008 260410s1971 es |||er|||| 001 1 spa d
040 _aAR-RoBPED
041 _aspa
100 1 _aPushkin, A. S.
_917443
245 1 _aDubrovski;
_bLos relatos de Belkin /
_cA. S. Pushkin; prólogo de José Lain Entralgo.
260 _aEspaña:
_bSalvat,
_c1971.
300 _a175 p.
490 0 _a(Biblioteca Basica Salvat;
_vN° 88)
650 4 _aLITERATURA RUSA
_93413
650 4 _aNOVELAS
_925
650 4 _aRELATOS
_9495
700 1 _aLaín Entralgo, José
_d1910-1972
_929867
_eprol.
942 _2udc
_ak. 32555
_cBK
_h882-31
_mP 98 d
_ninv. 42374
945 _amm 10/04/2026 - cd 13/04/2026
999 _c32555
_d32555